Zufälliges Schnelles Tippen - Geographie - Statistiken

Allgemein
  • Dieses Quiz wurde 110 mal gespielt
  • Das Durchschnittsergebnis liegt bei 20 aus 50
Antwortstatistiken
% Korrekt
Bolivien Bolivien
100%
Harare Harare
100%
Iowa Iowa
100%
Papua-Neuguinea Papua-Neuguinea
100%
Praia Praia
100%
Ungarn Ungarn
100%
Abu Dhabi Abu Dhabi
86%
Kabul Kabul
83%
Lusaka Lusaka
83%
Malaysia Malaysia
83%
Nicaragua Nicaragua
83%
Alabama Alabama
80%
Philippinen Philippinen
80%
Polen Polen
80%
Quito Quito
80%
Santo Domingo Santo Domingo
80%
Taschkent Taschkent
80%
Tunis Tunis
80%
Kalifornien Kalifornien
78%
Lissabon Lissabon
78%
Andorra Andorra
75%
Beirut Beirut
75%
Caracas Caracas
75%
Fidschi Fidschi
75%
Gitega Gitega
75%
Turkmenistan Turkmenistan
75%
Maskat Maskat
73%
Botswana Botswana
71%
Cotonou Cotonou
71%
Libreville Libreville
71%
Somalia Somalia
71%
Mali Mali
70%
Dhaka Dhaka
67%
Eritrea Eritrea
67%
Gabun Gabun
67%
Georgetown Georgetown
67%
Guatemala-Stadt Guatemala-Stadt
67%
Island Island
67%
Kamerun Kamerun
67%
Kentucky Kentucky
67%
Libyen Libyen
67%
Mexiko Mexiko
67%
Nepal Nepal
67%
Nordkorea Nordkorea
67%
Port-of-Spain Port-of-Spain
67%
Priština Priština
67%
Simbabwe Simbabwe
67%
Syrien Syrien
67%
Taiwan Taiwan
67%
Belgien Belgien
64%
Bulgarien Bulgarien
63%
Kiew Kiew
63%
Sierra Leone Sierra Leone
63%
Vietnam Vietnam
63%
Burundi Burundi
60%
Castries Castries
60%
Guyana Guyana
60%
Jaunde Jaunde
60%
Kathmandu Kathmandu
60%
Manama Manama
60%
Monrovia Monrovia
60%
Moskau Moskau
60%
Ottawa Ottawa
60%
Palau Palau
60%
Riga Riga
60%
Rumänien Rumänien
60%
Singapur Singapur
60%
Valletta Valletta
60%
Bissau Bissau
58%
Bern Bern
57%
Demokratische Republik Kongo Demokratische Republik Kongo
57%
Hanoi Hanoi
57%
Idaho Idaho
57%
Indien Indien
57%
Kasachstan Kasachstan
57%
Kiribati Kiribati
57%
Kosovo Kosovo
57%
Liechtenstein Liechtenstein
57%
Luxemburg Luxemburg
57%
Maputo Maputo
57%
Marokko Marokko
57%
Mauritius Mauritius
57%
Michigan Michigan
57%
Oslo Oslo
57%
Sambia Sambia
57%
São Tomé São Tomé
57%
South Dakota South Dakota
57%
Tirana Tirana
57%
Ukraine Ukraine
57%
Utah Utah
57%
Vereinigte Arabische Emirate Vereinigte Arabische Emirate
57%
Warschau Warschau
57%
Zypern Zypern
57%
Albanien Albanien
56%
Bloemfontein Bloemfontein
56%
Ghana Ghana
56%
Irland Irland
56%
Port Moresby Port Moresby
56%
Rom Rom
56%
Taipeh Taipeh
56%
Apia Apia
55%
Havanna Havanna
55%
Tonga Tonga
55%
Ulaanbaatar Ulaanbaatar
55%
Amman Amman
50%
Argentinien Argentinien
50%
Arizona Arizona
50%
Arkansas Arkansas
50%
Asunción Asunción
50%
Bamako Bamako
50%
Bangkok Bangkok
50%
Bangladesch Bangladesch
50%
Banjul Banjul
50%
Belgrad Belgrad
50%
Bosnien und Herzegowina Bosnien und Herzegowina
50%
Brasília Brasília
50%
Bridgetown Bridgetown
50%
Brunei Brunei
50%
Chile Chile
50%
Colorado Colorado
50%
Dakar Dakar
50%
Doha Doha
50%
Elfenbeinküste Elfenbeinküste
50%
Haiti Haiti
50%
Honduras Honduras
50%
Indonesien Indonesien
50%
Kampala Kampala
50%
Kenia Kenia
50%
Kingston Kingston
50%
Kingstown Kingstown
50%
La Paz La Paz
50%
Lesotho Lesotho
50%
Malabo Malabo
50%
Malediven Malediven
50%
Managua Managua
50%
Marshallinseln Marshallinseln
50%
Maryland Maryland
50%
Maseru Maseru
50%
Mexiko-Stadt Mexiko-Stadt
50%
Minsk Minsk
50%
Nairobi Nairobi
50%
Namibia Namibia
50%
Nassau Nassau
50%
Nebraska Nebraska
50%
New York New York
50%
Niger Niger
50%
Palikir Palikir
50%
Phnom Penh Phnom Penh
50%
Podgorica Podgorica
50%
Reykjavík Reykjavík
50%
Roseau Roseau
50%
Ruanda Ruanda
50%
Slowakei Slowakei
50%
South Carolina South Carolina
50%
Sucre Sucre
50%
Südafrika Südafrika
50%
Südsudan Südsudan
50%
Usbekistan Usbekistan
50%
Vaduz Vaduz
50%
Vientiane Vientiane
50%
Vilnius Vilnius
50%
Yaren Yaren
50%
Australien Australien
46%
Damaskus Damaskus
46%
Conakry Conakry
45%
Freetown Freetown
45%
Funafuti Funafuti
45%
Iran Iran
45%
London London
45%
Seoul Seoul
45%
Teheran Teheran
45%
Alaska Alaska
44%
Bratislava Bratislava
44%
Canberra Canberra
44%
Kansas Kansas
44%
Lettland Lettland
44%
Malé Malé
44%
Mississippi Mississippi
44%
Monaco Monaco
44%
Myanmar Myanmar
44%
Oklahoma Oklahoma
44%
Prag Prag
44%
Rabat Rabat
44%
Tennessee Tennessee
44%
Tunesien Tunesien
44%
Vereinigtes Königreich Vereinigtes Königreich
44%
Vermont Vermont
44%
Aşgabat Aşgabat
43%
Bangui Bangui
43%
Bukarest Bukarest
43%
China China
43%
Delaware Delaware
43%
Dschibuti Dschibuti
43%
Guatemala Guatemala
43%
Irak Irak
43%
Kambodscha Kambodscha
43%
Kolumbien Kolumbien
43%
Laos Laos
43%
Manila Manila
43%
Missouri Missouri
43%
Moldawien Moldawien
43%
Osttimor Osttimor
43%
Pretoria Pretoria
43%
San Salvador San Salvador
43%
Tschad Tschad
43%
Uganda Uganda
43%
Washington D.C. Washington D.C.
43%
Liberia Liberia
42%
Neuseeland Neuseeland
42%
Amsterdam Amsterdam
40%
Andorra la Vella Andorra la Vella
40%
Armenien Armenien
40%
Asmara Asmara
40%
Brüssel Brüssel
40%
Duschanbe Duschanbe
40%
Estland Estland
40%
Frankreich Frankreich
40%
Hawaii Hawaii
40%
Jerewan Jerewan
40%
Kap Verde Kap Verde
40%
Kigali Kigali
40%
Kopenhagen Kopenhagen
40%
Mbabane Mbabane
40%
Mogadischu Mogadischu
40%
New Hampshire New Hampshire
40%
North Dakota North Dakota
40%
Nouakchott Nouakchott
40%
Pennsylvania Pennsylvania
40%
Peru Peru
40%
Sanaa Sanaa
40%
Santiago Santiago
40%
Senegal Senegal
40%
Sudan Sudan
40%
Tegucigalpa Tegucigalpa
40%
Tiflis Tiflis
40%
Victoria Victoria
40%
Wisconsin Wisconsin
40%
Astana Astana
38%
Bahrain Bahrain
38%
Barbados Barbados
38%
Brasilien Brasilien
38%
Gambia Gambia
38%
Georgien Georgien
38%
Georgien Georgien
38%
Grenada Grenada
38%
Luanda Luanda
38%
Madagaskar Madagaskar
38%
Majuro Majuro
38%
Neu-Delhi Neu-Delhi
38%
New Mexico New Mexico
38%
Riad Riad
38%
Uruguay Uruguay
38%
Vanuatu Vanuatu
38%
Bagdad Bagdad
36%
Dublin Dublin
36%
Port-au-Prince Port-au-Prince
36%
Port Vila Port Vila
36%
Thimphu Thimphu
36%
Antananarivo Antananarivo
33%
Athen Athen
33%
Äthiopien Äthiopien
33%
Bischkek Bischkek
33%
Buenos Aires Buenos Aires
33%
Burkina Faso Burkina Faso
33%
Connecticut Connecticut
33%
Dominica Dominica
33%
Dominikanische Republik Dominikanische Republik
33%
Guinea Guinea
33%
Indiana Indiana
33%
Kirgisistan Kirgisistan
33%
Kuwait Kuwait
33%
Ljubljana Ljubljana
33%
Madrid Madrid
33%
Malawi Malawi
33%
Minnesota Minnesota
33%
Montevideo Montevideo
33%
Nevada Nevada
33%
New Jersey New Jersey
33%
Nigeria Nigeria
33%
Österreich Österreich
33%
Pakistan Pakistan
33%
Panama Panama
33%
Panama-Stadt Panama-Stadt
33%
Paramaribo Paramaribo
33%
Republik Kongo Republik Kongo
33%
Salomonen Salomonen
33%
São Tomé und Príncipe São Tomé und Príncipe
33%
Schweiz Schweiz
33%
Seychellen Seychellen
33%
Slowenien Slowenien
33%
Sri Lanka Sri Lanka
33%
Suriname Suriname
33%
Türkei Türkei
33%
Venezuela Venezuela
33%
Vereinigte Staaten Vereinigte Staaten
33%
Virginia Virginia
33%
Washington Washington
33%
Wellington Wellington
33%
Wien Wien
33%
Yamoussoukro Yamoussoukro
33%
Zagreb Zagreb
33%
Maine Maine
31%
Budapest Budapest
30%
Lima Lima
30%
Paraguay Paraguay
30%
Porto-Novo Porto-Novo
30%
Spanien Spanien
30%
Ägypten Ägypten
29%
Angola Angola
29%
Antigua und Barbuda Antigua und Barbuda
29%
Belize Belize
29%
Benin Benin
29%
Berlin Berlin
29%
Gaborone Gaborone
29%
Jakarta Jakarta
29%
Kuala Lumpur Kuala Lumpur
29%
Lomé Lomé
29%
Moroni Moroni
29%
Ngerulmud Ngerulmud
29%
San Marino San Marino
29%
Südkorea Südkorea
29%
Tripolis Tripolis
29%
Juba Juba
27%
Russland Russland
27%
Accra Accra
25%
Algerien Algerien
25%
Äquatorial-Guinea Äquatorial-Guinea
25%
Bogotá Bogotá
25%
Brazzaville Brazzaville
25%
Dänemark Dänemark
25%
Dodoma Dodoma
25%
El Salvador El Salvador
25%
Griechenland Griechenland
25%
Guinea-Bissau Guinea-Bissau
25%
Jemen Jemen
25%
Katar Katar
25%
Komoren Komoren
25%
Kuba Kuba
25%
Massachusetts Massachusetts
25%
Mongolei Mongolei
25%
Montenegro Montenegro
25%
Naypyidaw Naypyidaw
25%
Nordmazedonien Nordmazedonien
25%
North Carolina North Carolina
25%
Oregon Oregon
25%
Ouagadougou Ouagadougou
25%
Pjöngjang Pjöngjang
25%
Portugal Portugal
25%
Saint George's Saint George's
25%
Skopje Skopje
25%
Sofia Sofia
25%
Tallinn Tallinn
25%
Trinidad und Tobago Trinidad und Tobago
25%
Tschechien Tschechien
25%
Eswatini Eswatini
22%
Illinois Illinois
22%
Nauru Nauru
22%
Rhode Island Rhode Island
22%
South Tarawa South Tarawa
22%
St. Lucia St. Lucia
22%
Zentralafrikanische Republik Zentralafrikanische Republik
22%
Abuja Abuja
20%
Afghanistan Afghanistan
20%
Ankara Ankara
20%
Bahamas Bahamas
20%
Belarus Belarus
20%
Chișinău Chișinău
20%
Deutschland Deutschland
20%
Japan Japan
20%
Kairo Kairo
20%
Niamey Niamey
20%
Nikosia Nikosia
20%
Oman Oman
20%
Saint John's Saint John's
20%
Samoa Samoa
20%
Sri Jayawardenepura Kotte Sri Jayawardenepura Kotte
20%
Tokio Tokio
20%
Windhoek Windhoek
20%
West Virginia West Virginia
18%
Addis Abeba Addis Abeba
17%
Baku Baku
17%
Ecuador Ecuador
17%
Israel Israel
17%
Italien Italien
17%
Jamaika Jamaika
17%
Mauretanien Mauretanien
17%
Schweden Schweden
17%
Stockholm Stockholm
17%
Tansania Tansania
17%
Texas Texas
17%
Vatikanstadt Vatikanstadt
17%
Wyoming Wyoming
17%
Belmopan Belmopan
14%
Dili Dili
14%
Dschibuti Dschibuti
14%
Finnland Finnland
14%
Khartum Khartum
14%
Libanon Libanon
14%
Mosambik Mosambik
14%
N'Djamena N'Djamena
14%
Nukuʻalofa Nukuʻalofa
14%
Peking Peking
14%
Sarajevo Sarajevo
14%
Tadschikistan Tadschikistan
14%
Togo Togo
14%
Florida Florida
13%
Föderierte Staaten von Mikronesien Föderierte Staaten von Mikronesien
13%
Kroatien Kroatien
13%
Litauen Litauen
13%
Louisiana Louisiana
13%
Montana Montana
11%
Lilongwe Lilongwe
10%
Suva Suva
10%
Port Louis Port Louis
9%
Algier Algier
0%
Aserbaidschan Aserbaidschan
0%
Bandar Seri Begawan Bandar Seri Begawan
0%
Basseterre Basseterre
0%
Bhutan Bhutan
0%
Costa Rica Costa Rica
0%
Helsinki Helsinki
0%
Honiara Honiara
0%
Islamabad Islamabad
0%
Jerusalem Jerusalem
0%
Jordanien Jordanien
0%
Kanada Kanada
0%
Kapstadt Kapstadt
0%
Kinshasa Kinshasa
0%
Kuwait-Stadt Kuwait-Stadt
0%
Malta Malta
0%
Niederlande Niederlande
0%
Norwegen Norwegen
0%
Ohio Ohio
0%
Paris Paris
0%
San José San José
0%
Saudi-Arabien Saudi-Arabien
0%
Serbien Serbien
0%
Singapur Singapur
0%
St. Kitts und Nevis St. Kitts und Nevis
0%
St. Vincent und die Grenadinen St. Vincent und die Grenadinen
0%
Thailand Thailand
0%
Tuvalu Tuvalu
0%
Keine übereinstimmenden Quizze gefunden
Verteilung der Resultate
Anzahl Personen mit jedem Resultat
Perzentil nach korrekt beantworteten Fragen
Ihre Resultats-Entwicklung
Sie haben dieses Quiz noch nicht gespielt